| 000 -LEADER |
| fixed length control field |
01382cam a2200253 i 4500 |
| 001 - CONTROL NUMBER |
| control field |
19869551 |
| 005 - DATE AND TIME OF LATEST TRANSACTION |
| control field |
20221108144454.0 |
| 008 - FIXED-LENGTH DATA ELEMENTS--GENERAL INFORMATION |
| fixed length control field |
170808s2018 nyua b 001 0 eng |
| 020 ## - INTERNATIONAL STANDARD BOOK NUMBER |
| International Standard Book Number |
9780891287650x |
| 041 ## - LANGUAGE CODE |
| Language code of text/sound track or separate title |
eng |
| 080 ## - UNIVERSAL DECIMAL CLASSIFICATION NUMBER |
| Universal Decimal Classification number |
376.2 P-25 |
| 245 00 - TITLE STATEMENT |
| Title |
Partners in O&M : |
| Remainder of title |
supporting orientation and mobility for students who are visually impaired / |
| Statement of responsibility, etc. |
Rona L. Pogrund and Nora Griffin-Shirley, editors. |
| 250 ## - EDITION STATEMENT |
| Edition statement |
First Edition. |
| 264 #1 - PRODUCTION, PUBLICATION, DISTRIBUTION, MANUFACTURE, AND COPYRIGHT NOTICE |
| Place of production, publication, distribution, manufacture |
New York, NY : |
| Name of producer, publisher, distributor, manufacturer |
AFB Press, American Foundation for the Blind, |
| Date of production, publication, distribution, manufacture, or copyright notice |
2018. |
| 300 ## - PHYSICAL DESCRIPTION |
| Extent |
325 pages : |
| Other physical details |
illustrations ; |
| Dimensions |
26 cm. |
| 650 #0 - SUBJECT ADDED ENTRY--TOPICAL TERM |
| Topical term or geographic name entry element |
Children with visual disabilities |
| General subdivision |
Education. |
| 9 (RLIN) |
11025 |
| 650 #0 - SUBJECT ADDED ENTRY--TOPICAL TERM |
| Topical term or geographic name entry element |
Children with visual disabilities |
| General subdivision |
Orientation and mobility. |
| 9 (RLIN) |
11026 |
| 653 ## - INDEX TERM--UNCONTROLLED |
| keyword |
ორიენტაციისა და მობილობის მხარდაჭერა მხედველობის შეზღუდული შესაძლებლობის მქონე სტუდენტებისთვის |
| 653 ## - INDEX TERM--UNCONTROLLED |
| keyword |
მხედველობის შეზღუდული შესაძლებლობის მქონე ბავშვები |
| 653 ## - INDEX TERM--UNCONTROLLED |
| keyword |
პედაგოგიკა |
| 700 1# - ADDED ENTRY--PERSONAL NAME |
| Personal name |
Pogrund, Rona L. |
| Relator term |
რედაქტორი |
| 9 (RLIN) |
11027 |
| 700 1# - ADDED ENTRY--PERSONAL NAME |
| Personal name |
Griffin-Shirley, Nora |
| Dates associated with a name |
|
| Relator term |
რედაქტორი |
| 9 (RLIN) |
11028 |
| 942 ## - ADDED ENTRY ELEMENTS (KOHA) |
| Source of classification or shelving scheme |
|
| Koha item type |
წიგნი |